[Event "Bundesliga 2324"]
[Site "Germany"]
[Date "2024.04.27"]
[Round "14.8"]
[White "Bashylina, Luisa"]
[Black "Kuehn, Kolja"]
[Result "1/2-1/2"]
[WhiteElo "2192"]
[BlackElo "2130"]
[PlyCount "83"]
[EventDate "2023.10.21"]
[EventType "team-tourn"]
[EventRounds "15"]
[EventCountry "GER"]
[SourceTitle "CB18_2024"]
[SourceDate "2024.05.01"]
[SourceVersion "1"]
[SourceVersionDate "2024.05.01"]
[SourceQuality "2"]
[WhiteTeam "Solingen"]
[BlackTeam "Oetigheim"]
[WhiteTeamCountry "GER"]
[BlackTeamCountry "GER"]

1. d4 d5 2. c4 dxc4 3. Nf3 Nf6 4. e3 e6 5. Bxc4 c5 6. 0-0 a6 7. Re1 Nc6 8. Nc3 b5 9. Bd3 Bb7 10. a4 b4 11. Ne4 Na5 12. Nxf6+ gxf6 13. e4 c4 14. Bf1 Qc7 15. Bd2 Nb3 16. Rb1 a5 17. Qc2 Rc8 18. Be3 Bg7 19. Nd2 Nxd2 20. Bxd2 0-0 21. Rbc1 Ba6 22. Re3 Qd6 23. Rg3 Kh8 24. Qd1 Rg8 25. Be3 Bb7 26. Qf3 f5 27. Rh3 e5 28. Qxf5 Qg6 29. Qxg6 fxg6 30. Bxc4 exd4 31. Bxg8 dxe3 32. Rxc8 Bxc8 33. Rxe3 Kxg8 34. e5 Kf7 35. Kf1 Ke6 36. b3 Bb7 37. f4 Bf8 38. g4 Bd5 39. Ke2 h5 40. gxh5 gxh5 41. Rd3 h4 42. Kd2 1/2-1/2

[Event "Titled Tuesday intern op 02nd Apr Early"]
[Site "Chess.com INT"]
[Date "2024.04.02"]
[Round "10"]
[White "Bashylina, Luisa"]
[Black "Buscar, Michael"]
[Result "0-1"]
[WhiteElo "2175"]
[BlackElo "2041"]
[PlyCount "92"]
[EventDate "2024.04.02"]
[EventType "swiss (blitz)"]
[EventRounds "11"]
[EventCountry "USA"]
[SourceTitle "CB15_2024"]
[SourceDate "2024.04.10"]
[SourceVersion "1"]
[SourceVersionDate "2024.04.10"]
[SourceQuality "1"]

1. Nf3 Nf6 2. g3 g6 3. Bg2 Bg7 4. 0-0 0-0 5. c4 c6 6. d4 d6 7. Nc3 Nbd7 8. e4 e5 9. Re1 Qe7 10. Be3 Re8 11. h3 Nf8 12. d5 h6 13. Rc1 Bd7 14. Qd2 Red8 15. Bxh6 cxd5 16. cxd5 Rdc8 17. Bxg7 Kxg7 18. Nh2 Rc4 19. b3 Rc7 20. f4 Rac8 21. Nf3 exf4 22. gxf4 Nxe4 23. Qd4+ Qf6 24. Qxe4 Rxc3 25. Rxc3 Rxc3 26. Ng5 Nh7 27. Nxh7 Kxh7 28. Qe7 Qf5 29. Qxd6 Kg8 30. Qb8+ Bc8 31. Qe5 Qxe5 32. fxe5 Bxh3 33. Bxh3 Rxh3 34. Rd1 Kf8 35. d6 Ke8 36. Rc1 Re3 37. Rc7 Rxe5 38. Rxb7 a5 39. a3 Rd5 40. Ra7 g5 41. Kf2 f5 42. Ke3 Rb5 43. Kd4 f4 44. Kc4 Rf5 45. Rg7 f3 46. Kd3 f2 0-1

[Event "Titled Tuesday intern op 02nd Apr Early"]
[Site "Chess.com INT"]
[Date "2024.04.02"]
[Round "3"]
[White "Kuchava, Ana"]
[Black "Bashylina, Luisa"]
[Result "0-1"]
[WhiteElo "2101"]
[BlackElo "2175"]
[PlyCount "50"]
[EventDate "2024.04.02"]
[EventType "swiss (blitz)"]
[EventRounds "11"]
[EventCountry "USA"]
[SourceTitle "CB15_2024"]
[SourceDate "2024.04.10"]
[SourceVersion "1"]
[SourceVersionDate "2024.04.10"]
[SourceQuality "1"]

1. d4 Nf6 2. Nf3 g6 3. c4 d6 4. Nc3 Bg7 5. e4 0-0 6. Be2 c5 7. 0-0 cxd4 8. Nxd4 Nc6 9. Be3 Bd7 10. Qd2 Rc8 11. Rac1 a6 12. f3 Re8 13. Nd5 e6 14. Nc3 Qc7 15. Rfd1 Red8 16. Bg5 h6 17. Nxc6 Bxc6 18. Bxh6 Bxh6 19. Qxh6 Qb6+ 20. Kh1 Qxb2 21. Rd3 b5 22. Rb1 Qc2 23. f4 Nxe4 24. Nxe4 Qxb1+ 25. Bd1 Bxe4 0-1

[Event "Titled Tuesday intern op 02nd Apr Early"]
[Site "Chess.com INT"]
[Date "2024.04.02"]
[Round "4"]
[White "Slate, Kent"]
[Black "Bashylina, Luisa"]
[Result "1-0"]
[WhiteElo "2087"]
[BlackElo "2175"]
[PlyCount "57"]
[EventDate "2024.04.02"]
[EventType "swiss (blitz)"]
[EventRounds "11"]
[EventCountry "USA"]
[SourceTitle "CB15_2024"]
[SourceDate "2024.04.10"]
[SourceVersion "1"]
[SourceVersionDate "2024.04.10"]
[SourceQuality "1"]

1. e4 c5 2. Nf3 e6 3. d4 cxd4 4. Nxd4 a6 5. c4 Qc7 6. Nc3 Nf6 7. Be2 Be7 8. 0-0 0-0 9. f4 d6 10. Be3 Nbd7 11. g4 Nc5 12. Bf3 e5 13. Nf5 Bxf5 14. exf5 e4 15. Bg2 Nd3 16. g5 Nd7 17. Bxe4 Nxb2 18. Qe2 Qxc4 19. Qxb2 Rac8 20. Rac1 b5 21. Qb3 Rfe8 22. Rfe1 Bf8 23. Bd5 Qxb3 24. Bxb3 Nc5 25. Nd5 Nxb3 26. axb3 Rxc1 27. Rxc1 h6 28. gxh6 g6 29. fxg6 1-0

[Event "German Masters (Women)"]
[Site "Rosenheim"]
[Date "2023.12.19"]
[Round "9"]
[White "Sieber, Fiona"]
[Black "Bashylina, Luisa"]
[Result "1/2-1/2"]
[WhiteElo "2274"]
[BlackElo "2179"]
[PlyCount "107"]
[EventDate "2023.12.11"]
[EventType "tourn"]
[EventRounds "9"]
[EventCountry "GER"]
[EventCategory "2"]
[SourceTitle "CB51_2023"]
[SourceDate "2023.12.20"]
[SourceVersion "1"]
[SourceVersionDate "2023.12.20"]
[SourceQuality "1"]

1. e4 c5 2. Nf3 d6 3. Bb5+ Bd7 4. Bxd7+ Qxd7 5. 0-0 Nf6 6. Qe2 Nc6 7. c3 e6 8. d4 cxd4 9. cxd4 d5 10. e5 Ne4 11. Be3 Be7 12. Ne1 f6 13. f3 Ng5 14. Nd3 0-0 15. Nd2 Nf7 16. f4 Nh6 17. Bf2 Nf5 18. Nf3 fxe5 19. dxe5 b6 20. a3 g6 21. b4 Rac8 22. g4 Ng7 23. Be3 d4 24. Bf2 Qd5 25. Rfe1 Rfd8 26. Qe4 a5 27. Qxd5 Rxd5 28. Rec1 axb4 29. axb4 Rdd8 30. b5 Na5 31. Rxc8 Rxc8 32. Rc1 Rxc1+ 33. Nxc1 Nc4 34. Nxd4 g5 35. Nc6 Ba3 36. Ne2 gxf4 37. Nxf4 Kf7 38. Kf1 Bb2 39. Nd3 Bc3 40. Ke2 Ne8 41. Nf4 Nc7 42. Kd3 Bxe5 43. Kxc4 Bxf4 44. Bxb6 Nxb5 45. Kxb5 Bxh2 46. Be3 Kf6 47. Kc4 e5 48. g5+ Kf5 49. Ne7+ Kg4 50. Kd3 Bf4 51. g6 hxg6 52. Nxg6 Bxe3 53. Kxe3 e4 54. Kxe4 1/2-1/2

[Event "German Masters (Women)"]
[Site "Rosenheim"]
[Date "2023.12.18"]
[Round "8"]
[White "Bashylina, Luisa"]
[Black "Heinemann, Josefine"]
[Result "0-1"]
[WhiteElo "2179"]
[BlackElo "2360"]
[PlyCount "78"]
[EventDate "2023.12.11"]
[EventType "tourn"]
[EventRounds "9"]
[EventCountry "GER"]
[EventCategory "2"]
[SourceTitle "CB51_2023"]
[SourceDate "2023.12.20"]
[SourceVersion "1"]
[SourceVersionDate "2023.12.20"]
[SourceQuality "1"]

1. d4 Nf6 2. c4 e6 3. Nc3 Bb4 4. e3 0-0 5. Bd2 c5 6. a3 Bxc3 7. Bxc3 Ne4 8. Ne2 b6 9. d5 Ba6 10. b3 b5 11. Qc2 exd5 12. cxd5 Nxc3 13. Qxc3 d6 14. Ng3 Nd7 15. Be2 Nf6 16. Rd1 Rb8 17. b4 Rc8 18. 0-0 Bb7 19. e4 a6 20. f4 Re8 21. Bf3 cxb4 22. Qxb4 Rc4 23. Qb2 Qb6+ 24. Kh1 Nd7 25. Rc1 Rxc1 26. Rxc1 f6 27. Nf5 g6 28. Nd4 Nc5 29. Qc2 Nxe4 30. Bxe4 Qxd4 31. Bxg6 Rc8 32. Bf7+ Kg7 33. Qb1 Rxc1+ 34. Qxc1 Kxf7 35. Qc7+ Kg6 36. f5+ Kh6 37. Qc1+ Kh5 38. Qe1 Qxd5 39. Qe2+ Kg5 0-1

[Event "German Masters (Women)"]
[Site "Rosenheim"]
[Date "2023.12.15"]
[Round "5"]
[White "Klek, Hanna Marie"]
[Black "Bashylina, Luisa"]
[Result "1-0"]
[WhiteElo "2236"]
[BlackElo "2179"]
[PlyCount "79"]
[EventDate "2023.12.11"]
[EventType "tourn"]
[EventRounds "9"]
[EventCountry "GER"]
[EventCategory "2"]
[SourceTitle "CB51_2023"]
[SourceDate "2023.12.20"]
[SourceVersion "1"]
[SourceVersionDate "2023.12.20"]
[SourceQuality "1"]

1. e4 c5 2. Nf3 d6 3. d4 cxd4 4. Nxd4 Nf6 5. Nc3 a6 6. Be3 e6 7. Be2 Be7 8. Qd2 0-0 9. g4 b5 10. g5 b4 11. gxf6 bxc3 12. Qxc3 Bxf6 13. 0-0-0 Bb7 14. f3 Nd7 15. Qd2 Nb6 16. Qa5 Nd7 17. Nb3 d5 18. Qxd8 Raxd8 19. Na5 Ba8 20. exd5 Bxd5 21. c4 Ba8 22. Rhf1 Be5 23. f4 Bc7 24. Nb3 g6 25. Nd2 f5 26. b4 e5 27. c5 a5 28. b5 exf4 29. Bg1 Bg2 30. Bc4+ Kg7 31. Rfe1 Ne5 32. c6 Bd5 33. Bd4 Kf6 34. Bc3 Rfe8 35. a4 Kf7 36. Bxe5 Bxe5 37. Nf3 Bb2+ 38. Kxb2 Bxc4 39. Rxd8 Rxd8 40. Ne5+ 1-0

[Event "AUT-chT (Women) 2324"]
[Site "Austria"]
[Date "2023.11.24"]
[Round "1.3"]
[White "Bashylina, Luisa"]
[Black "Khrapko, Marharyta"]
[Result "0-1"]
[WhiteElo "2179"]
[BlackElo "2172"]
[PlyCount "128"]
[EventDate "2023.11.24"]
[EventType "team-tourn"]
[EventRounds "9"]
[EventCountry "AUT"]
[SourceTitle "CB48_2023"]
[SourceDate "2023.11.29"]
[SourceVersion "1"]
[SourceVersionDate "2023.11.29"]
[SourceQuality "1"]
[WhiteTeam "Wulkaprodersdorf (W)"]
[BlackTeam "Schach ohne Grenzen (W)"]
[WhiteTeamCountry "AUT"]
[BlackTeamCountry "AUT"]

1. d4 c5 2. d5 e5 3. e4 d6 4. Bb5+ Nd7 5. a4 Ngf6 6. Nc3 g6 7. Nf3 Bg7 8. 0-0 0-0 9. Bd3 Nh5 10. Ne2 h6 11. g3 Ndf6 12. Nc3 Bh3 13. Re1 Qd7 14. Nh4 Nh7 15. Be3 Ng5 16. Be2 Qc8 17. Ra3 Bd7 18. Bxg5 hxg5 19. Ng2 Nf6 20. Ne3 g4 21. Nc4 Qc7 22. Qd2 b6 23. Ne3 a6 24. Bd3 Ne8 25. Ng2 Kh7 26. Nh4 Bh6 27. Qe2 Bg5 28. Ng2 Qc8 29. Rf1 Kg7 30. Nd1 Nc7 31. Nde3 b5 32. axb5 axb5 33. Rxa8 Qxa8 34. c3 c4 35. Bb1 Na6 36. f4 gxf3 37. Qxf3 Nc5 38. h4 Be7 39. Qf2 Qc8 40. Bc2 Na4 41. Bb1 Qc5 42. Qe2 b4 43. cxb4 Qxb4 44. Qxc4 Qxb2 45. Qc2 Qd4 46. Kh2 Nc3 47. Qb2 Ra8 48. Re1 Ra4 49. Qb7 Ra7 50. Qb2 Bd8 51. Nc2 Qc5 52. Nce3 Na4 53. Qc1 Ba5 54. Qxc5 Nxc5 55. Rc1 Nb3 56. Rc4 Nd2 57. Rc1 Rb7 58. Bd3 Nf3+ 59. Kh1 Rb3 60. Rd1 Bd2 61. Bc2 Rc3 62. Rf1 Nd4 63. Nd1 Rxc2 64. Rf2 Bg4 0-1

[Event "Titled Tuesday intern op 19th Sep Late"]
[Site "Chess.com INT"]
[Date "2023.09.19"]
[Round "3"]
[White "Bashylina, Luisa"]
[Black "Vargas, Mauricio"]
[Result "1-0"]
[WhiteElo "2173"]
[BlackElo "1961"]
[PlyCount "65"]
[EventDate "2023.09.19"]
[EventType "swiss (blitz)"]
[EventRounds "11"]
[EventCountry "USA"]
[SourceTitle "EXT 2024"]
[Source "ChessBase"]
[SourceDate "2023.10.10"]
[SourceVersion "1"]
[SourceVersionDate "2023.10.10"]
[SourceQuality "1"]

1. d4 d5 2. Nf3 c6 3. g3 Bg4 4. Bg2 e6 5. Ne5 Bh5 6. g4 f6 7. gxh5 fxe5 8. dxe5 Qh4 9. 0-0 Qxh5 10. Bf4 Nh6 11. c4 Ng4 12. cxd5 exd5 13. Qd4 Nd7 14. e6 Bc5 15. exd7+ Kxd7 16. Qxc5 Qg6 17. Nc3 b6 18. Qd4 Rad8 19. Nxd5 cxd5 20. Qxd5+ Ke7 21. Bg5+ Nf6 22. Qe5+ Kf7 23. Bxf6 gxf6 24. Qc7+ Ke6 25. Qc6+ Ke7 26. Rfd1 Rhg8 27. Rxd8 Kxd8 28. Rd1+ Ke7 29. Rd7+ Kf8 30. Qc8+ Qe8 31. Rd8 Kg7 32. Rxe8 Kf7 33. Rxg8 1-0

[Event "Titled Tuesday intern op 29th Aug Late"]
[Site "Chess.com INT"]
[Date "2023.08.29"]
[Round "6"]
[White "Thake, Conrad"]
[Black "Bashylina, Luisa"]
[Result "0-1"]
[WhiteElo "1778"]
[BlackElo "2152"]
[PlyCount "68"]
[EventDate "2023.08.29"]
[EventType "swiss (blitz)"]
[EventRounds "11"]
[EventCountry "USA"]
[SourceTitle "EXT 2024"]
[Source "ChessBase"]
[SourceDate "2023.10.10"]
[SourceVersion "1"]
[SourceVersionDate "2023.10.10"]
[SourceQuality "1"]

1. e4 c5 2. Nf3 e6 3. c4 Nc6 4. Nc3 e5 5. d3 g6 6. g3 Bg7 7. Bg2 Nge7 8. 0-0 0-0 9. Nd5 d6 10. Be3 h6 11. Qd2 Kh7 12. h4 Be6 13. Rae1 Bg4 14. Nh2 Be6 15. f4 Bxd5 16. cxd5 Nd4 17. Nf3 f5 18. fxe5 dxe5 19. Nxd4 cxd4 20. Bf2 Ng8 21. Kh2 Nf6 22. Bh3 Nh5 23. Qb4 b6 24. Rc1 Rc8 25. Rc6 Rxc6 26. dxc6 f4 27. g4 Ng3 28. Bxg3 fxg3+ 29. Kxg3 Bf6 30. g5 hxg5 31. hxg5 Be7 32. Qe1 Bxg5 33. Rxf8 Qxf8 34. Qf2 Bh4+ 0-1

[Event "World-chT Rapid"]
[Site "Dusseldorf"]
[Date "2023.08.28"]
[Round "12"]
[White "Bashylina, Luisa"]
[Black "Kulon, Klaudia"]
[Result "0-1"]
[WhiteElo "2152"]
[BlackElo "2320"]
[PlyCount "54"]
[EventDate "2023.08.26"]
[EventType "team-swiss (rapid)"]
[EventRounds "12"]
[EventCountry "GER"]
[SourceTitle "CBM 215 Extra"]
[Source "ChessBase"]
[SourceDate "2023.09.30"]
[SourceVersion "1"]
[SourceVersionDate "2023.09.30"]
[SourceQuality "1"]
[WhiteTeam "Germany and Friends"]
[BlackTeam "Krakow Columbus Energy"]
[WhiteTeamCountry "GER"]
[BlackTeamCountry "POL"]

1. d4 Nf6 2. c4 g6 3. Nc3 Bg7 4. e4 d6 5. Be2 0-0 6. Be3 e5 7. d5 a5 8. g4 Nfd7 9. h4 f5 10. gxf5 gxf5 11. exf5 Nc5 12. Bg5 Bf6 13. Bh6 Bxf5 14. Bxf8 Qxf8 15. Nf3 Nba6 16. a3 a4 17. Ng5 Nb3 18. Nxa4 Nxa1 19. Qxa1 e4 20. Qd1 Nc5 21. Nxc5 dxc5 22. Bg4 Bxb2 23. d6 Bd4 24. Nh3 Rxa3 25. 0-0 Rxh3 26. d7 Rg3+ 27. Kh2 Rxg4 0-1

[Event "Titled Tuesday intern op 01st Aug Late"]
[Site "Chess.com INT"]
[Date "2023.08.01"]
[Round "3"]
[White "Bashylina, Luisa"]
[Black "Urbina Perez, Juan Antonio"]
[Result "1-0"]
[WhiteElo "2152"]
[BlackElo "2266"]
[PlyCount "99"]
[EventDate "2023.08.01"]
[EventType "swiss (blitz)"]
[EventRounds "11"]
[EventCountry "USA"]
[SourceTitle "EXT 2024"]
[Source "ChessBase"]
[SourceDate "2023.10.10"]
[SourceVersion "1"]
[SourceVersionDate "2023.10.10"]
[SourceQuality "1"]

1. e4 c5 2. Nf3 d6 3. g3 g6 4. Bg2 Bg7 5. 0-0 Nc6 6. Re1 Nf6 7. c3 e5 8. d3 0-0 9. Be3 Rb8 10. h3 b5 11. Nbd2 a5 12. Nf1 b4 13. Bg5 h6 14. Bxf6 Bxf6 15. Ne3 Bg7 16. Nd2 Be6 17. Nd5 Ne7 18. Nc4 Nxd5 19. exd5 Bc8 20. Qe2 Ba6 21. Nd2 bxc3 22. bxc3 e4 23. Nxe4 Re8 24. Qc2 f5 25. Nd2 Qf6 26. Rxe8+ Rxe8 27. Rc1 h5 28. Qa4 Re2 29. Qxa5 Bxd3 30. Nf3 Be4 31. Nh4 g5 32. Nf3 f4 33. g4 hxg4 34. hxg4 Qe7 35. Qb5 Bxd5 36. Qd3 Bxa2 37. Rd1 d5 38. Nxg5 Re1+ 39. Rxe1 Qxe1+ 40. Kh2 f3 41. Qh7+ Kf8 42. Qf5+ Ke8 43. Qf7+ Kd8 44. Ne6+ Qxe6 45. Qxe6 fxg2 46. Qd6+ Ke8 47. Qb8+ Kf7 48. Qa7+ Kg8 49. Qxa2 Bxc3 50. Qxd5+ 1-0

[Event "Titled Tuesday intern op 01st Aug Late"]
[Site "Chess.com INT"]
[Date "2023.08.01"]
[Round "6"]
[White "Papayan, Oleg"]
[Black "Bashylina, Luisa"]
[Result "1-0"]
[WhiteElo "2197"]
[BlackElo "2152"]
[PlyCount "43"]
[EventDate "2023.08.01"]
[EventType "swiss (blitz)"]
[EventRounds "11"]
[EventCountry "USA"]
[SourceTitle "EXT 2024"]
[Source "ChessBase"]
[SourceDate "2023.10.10"]
[SourceVersion "1"]
[SourceVersionDate "2023.10.10"]
[SourceQuality "1"]

1. e4 c5 2. d4 cxd4 3. Qxd4 Nc6 4. Qd3 g6 5. Nc3 Bg7 6. Nf3 d6 7. Be2 Nf6 8. 0-0 0-0 9. Nd5 Be6 10. c3 Rc8 11. Bg5 Bxd5 12. exd5 Na5 13. Rac1 Nd7 14. Qe3 Re8 15. b4 Nc4 16. Qxa7 h6 17. Bh4 b6 18. Nd4 Ra8 19. Qb7 Rb8 20. Qa6 Ra8 21. Qxc4 Ne5 22. Qb3 1-0

[Event "Titled Tuesday intern op 01st Aug Late"]
[Site "Chess.com INT"]
[Date "2023.08.01"]
[Round "4"]
[White "Rottenwohrer Suarez, Juan"]
[Black "Bashylina, Luisa"]
[Result "1-0"]
[WhiteElo "2247"]
[BlackElo "2152"]
[PlyCount "97"]
[EventDate "2023.08.01"]
[EventType "swiss (blitz)"]
[EventRounds "11"]
[EventCountry "USA"]
[SourceTitle "EXT 2024"]
[Source "ChessBase"]
[SourceDate "2023.10.10"]
[SourceVersion "1"]
[SourceVersionDate "2023.10.10"]
[SourceQuality "1"]

1. Nf3 Nf6 2. e3 g6 3. c4 Bg7 4. Nc3 d6 5. d4 0-0 6. Be2 c5 7. d5 Re8 8. 0-0 e6 9. h3 Na6 10. e4 Nc7 11. dxe6 Bxe6 12. Bf4 Bf8 13. e5 dxe5 14. Qxd8 Rexd8 15. Bxe5 Nce8 16. Rad1 Bd6 17. b3 Bxe5 18. Nxe5 Nd6 19. Bf3 Rac8 20. g4 g5 21. Rfe1 h6 22. Kg2 Kg7 23. Na4 b5 24. cxb5 Nxb5 25. Nc6 Rxd1 26. Rxd1 c4 27. Nc5 c3 28. Nxe6+ fxe6 29. a4 Nd5 30. axb5 a6 31. Bxd5 exd5 32. Rxd5 axb5 33. Rc5 b4 34. Rc4 Kf6 35. Nxb4 Rb8 36. Nd5+ Ke5 37. Nxc3 Rxb3 38. Ne2 Rb2 39. Ng3 Kf6 40. Rc6+ Kg7 41. Nf5+ Kf7 42. Rxh6 Ke8 43. Rh7 Kd8 44. Rg7 Kc8 45. Rxg5 Kd8 46. Rg7 Ke8 47. h4 Kf8 48. h5 Ke8 49. h6 1-0

[Event "EU-chT U18 Girls"]
[Site "Iasi"]
[Date "2023.07.29"]
[Round "6.1"]
[White "Bashylina, Luisa"]
[Black "Stan, Luciana Gabriela"]
[Result "1/2-1/2"]
[WhiteElo "2151"]
[BlackElo "1875"]
[PlyCount "90"]
[EventDate "2023.07.24"]
[EventType "team-swiss"]
[EventRounds "7"]
[EventCountry "ROU"]
[SourceTitle "CBM 215 Extra"]
[Source "ChessBase"]
[SourceDate "2023.09.30"]
[SourceVersion "1"]
[SourceVersionDate "2023.09.30"]
[SourceQuality "1"]
[WhiteTeam "Germany U18 Girls"]
[BlackTeam "Romania Light Energy U18 Girls"]
[WhiteTeamCountry "GER"]
[BlackTeamCountry "ROU"]

1. d4 d5 2. c4 dxc4 3. Nf3 Nf6 4. e3 e6 5. Bxc4 c5 6. 0-0 cxd4 7. exd4 Nc6 8. Nc3 Be7 9. a3 0-0 10. Re1 b6 11. Ba2 Bb7 12. Bb1 Bd6 13. Bg5 h6 14. Bxf6 Qxf6 15. Qd3 g6 16. Ne4 Qd8 17. Qe3 Kg7 18. h4 Ne7 19. Nc3 Nd5 20. Nxd5 Bxd5 21. Be4 Be7 22. h5 g5 23. Rad1 Bxe4 24. Qxe4 Bf6 25. Ne5 Re8 26. Nxf7 Kxf7 27. Qg6+ Kf8 28. Rd3 Bg7 29. Rf3+ Kg8 30. Rxe6 Rxe6 31. Qxe6+ Kh8 32. d5 Qe8 33. b3 Qxh5 34. Rf7 Qd1+ 35. Kh2 Qd4 36. Qd7 Rf8 37. Qxa7 Re8 38. g3 Re1 39. Qa8+ Kh7 40. Qb7 g4 41. Qd7 Re4 42. Qf5+ Kg8 43. Rc7 Re8 44. Qf7+ Kh7 45. Qxe8 Qxf2+ 1/2-1/2

[Event "EU-chT U18 Girls"]
[Site "Iasi"]
[Date "2023.07.27"]
[Round "4.1"]
[White "Bashylina, Luisa"]
[Black "Obada, Ema"]
[Result "1-0"]
[WhiteElo "2151"]
[BlackElo "2042"]
[PlyCount "67"]
[EventDate "2023.07.24"]
[EventType "team-swiss"]
[EventRounds "7"]
[EventCountry "ROU"]
[SourceTitle "CBM 215 Extra"]
[Source "ChessBase"]
[SourceDate "2023.09.30"]
[SourceVersion "1"]
[SourceVersionDate "2023.09.30"]
[SourceQuality "1"]
[WhiteTeam "Germany U18 Girls"]
[BlackTeam "Romania U18 Girls"]
[WhiteTeamCountry "GER"]
[BlackTeamCountry "ROU"]

1. d4 Nf6 2. c4 e6 3. Nc3 Bb4 4. a3 Bxc3+ 5. bxc3 d6 6. f3 c5 7. e4 b6 8. d5 0-0 9. Ne2 Ba6 10. Ng3 Re8 11. Be2 exd5 12. cxd5 Bxe2 13. Nxe2 Nbd7 14. 0-0 b5 15. Ng3 g6 16. Bg5 Qb6 17. Qd2 Rec8 18. Rae1 Ne8 19. f4 c4+ 20. Kh1 f6 21. Bh6 Ng7 22. Qe2 Re8 23. Qg4 Re7 24. h4 Rae8 25. h5 f5 26. Qg5 Nf8 27. Bxg7 Rxg7 28. h6 Rge7 29. Nxf5 Rxe4 30. Rxe4 Rxe4 31. Ne7+ Kf7 32. f5 Ke8 33. fxg6 Re5 34. Rxf8+ 1-0

[Event "Mitropa Cup (Women)"]
[Site "Mali Losinj"]
[Date "2023.04.17"]
[Round "7.1"]
[White "Terbe, Julianna"]
[Black "Bashylina, Luisa"]
[Result "1-0"]
[WhiteElo "2252"]
[BlackElo "2103"]
[PlyCount "97"]
[EventDate "2023.04.11"]
[EventType "team-tourn"]
[EventRounds "9"]
[EventCountry "CRO"]
[SourceTitle "CBM 213 Extra"]
[Source "ChessBase"]
[SourceDate "2023.05.31"]
[SourceVersion "1"]
[SourceVersionDate "2023.05.31"]
[SourceQuality "1"]
[WhiteTeam "Hungary (W)"]
[BlackTeam "Germany (W)"]
[WhiteTeamCountry "HUN"]
[BlackTeamCountry "GER"]

1. Nf3 c5 2. c4 Nc6 3. Nc3 e5 4. e3 Nf6 5. d4 e4 6. d5 exf3 7. dxc6 dxc6 8. Qxd8+ Kxd8 9. gxf3 Bd6 10. b3 Kc7 11. Bb2 Bf5 12. 0-0-0 Rhe8 13. Bd3 Bg6 14. Ne2 Bh5 15. Rhg1 Rg8 16. f4 h6 17. Bxf6 gxf6 18. Rde1 Bxe2 19. Bxe2 Kd7 20. Rg3 Rxg3 21. hxg3 Re8 22. Bg4+ Kc7 23. Bh5 Rf8 24. e4 Kd8 25. Rd1 Ke7 26. Bg4 Rd8 27. Rh1 Rh8 28. Kd2 Kf8 29. Bc8 b5 30. Kc3 Bc7 31. Bd7 Ba5+ 32. Kd3 Kg7 33. Bxc6 Rd8+ 34. Bd5 a6 35. Rh5 Be1 36. Rh2 b4 37. Ke2 Bc3 38. Kf3 a5 39. Rh5 Kg6 40. g4 Bd4 41. Rf5 Rd7 42. e5 fxe5 43. fxe5 Re7 44. Ke4 Kg7 45. f4 Bc3 46. Rf6 Ra7 47. Rc6 Bd4 48. f5 Re7 49. f6+ 1-0

[Event "Mitropa Cup (Women)"]
[Site "Mali Losinj"]
[Date "2023.04.13"]
[Round "3.1"]
[White "Bochnickova, Simona"]
[Black "Bashylina, Luisa"]
[Result "0-1"]
[WhiteElo "2118"]
[BlackElo "2103"]
[PlyCount "90"]
[EventDate "2023.04.11"]
[EventType "team-tourn"]
[EventRounds "9"]
[EventCountry "CRO"]
[SourceTitle "CBM 213 Extra"]
[Source "ChessBase"]
[SourceDate "2023.05.31"]
[SourceVersion "1"]
[SourceVersionDate "2023.05.31"]
[SourceQuality "1"]
[WhiteTeam "Slovakia (W)"]
[BlackTeam "Germany (W)"]
[WhiteTeamCountry "SVK"]
[BlackTeamCountry "GER"]

1. e4 c5 2. Nf3 d6 3. d4 cxd4 4. Nxd4 Nf6 5. Nc3 a6 6. f3 e5 7. Nb3 Be7 8. Be3 Be6 9. Qd2 0-0 10. 0-0-0 b5 11. g4 Nbd7 12. g5 Nh5 13. Kb1 Nb6 14. Na5 Qc7 15. Nd5 Nxd5 16. exd5 Bf5 17. Nc6 f6 18. Rg1 fxg5 19. Bxg5 Bf6 20. Bxf6 Rxf6 21. Qg5 Qf7 22. Bd3 Bxd3 23. cxd3 Rxf3 24. d4 e4 25. Rde1 Nf6 26. Re2 Kh8 27. h4 h6 28. Qg6 Rf1+ 29. Kc2 Qxg6 30. Rxg6 Rc8 31. Kd2 Nxd5 32. Rxd6 e3+ 33. Rxe3 Nxe3 34. Kxe3 Rf6 35. Rxf6 gxf6 36. d5 Kg7 37. Ke4 Kf7 38. Kf5 Rc7 39. Nd8+ Ke7 40. Nc6+ Kd6 41. Kxf6 Kxd5 42. Nb4+ Ke4 43. a3 a5 44. Na2 Kd3 45. Nc3 Rxc3 0-1